| 000 | 00430nam a2200169Ia 4500 | ||
|---|---|---|---|
| 005 | 20240711071609.0 | ||
| 008 | 240331s9999 xx 000 0 und d | ||
| 020 | _a0415905230 | ||
| 082 |
_bTIN _a194 |
||
| 100 | _aChanter, T | ||
| 245 | 0 |
_aEthics of eros : _bIrigaray's rewriting of the philosophers |
|
| 260 |
_aNew York _bRoutledge _c1995 |
||
| 300 | _axvii, 345 p ., | ||
| 650 | _aEthics | ||
| 650 | _aPhilosophy | ||
| 942 | _cL | ||
| 999 |
_c1363 _d1363 |
||